Firmato donna : brani scelti di scrittrici italiane /

Gespeichert in:
Bibliographische Detailangaben
Weitere Verfasser: Spinella, Mario, (1918-1994) (Geleitwort verfasst von)
Format: Buch
Sprache:Italienisch
Veröffentlicht: Roma : Editori riuniti, c1974
Schlagworte:
Tags: Tag hinzufügen
Keine Tags, Fügen Sie das erste Tag hinzu!

MARC

LEADER 00000nam a22000007i 4500
001 IT\ICCU\IEI\0087105
003 ItRI
005 20260115232409.0
008 941118s1974 it |||||| ||||| |||||c
040 |b ita  |c importazione bologna sebina 
041 7 |a ita  |2 ISO-639-2 
130 0 |a Firmato donna  |3 IT\ICCU\UBO\4645700 
245 0 0 |a Firmato donna :  |b brani scelti di scrittrici italiane /  |c prefazione di Mario Spinella. 
260 |a Roma :  |b Editori riuniti,  |c c1974 
300 |a 178 p. ;  |c 22 cm 
500 |a Ed. fuori commercio riservata agli abbonati di Noi donne 
500 |a Contiene brani di: Sibilla Aleramo, Anna Banti, Maria Bellonci, Fausta Cialente, Alba De Cespedes, Giuliana Ferri, Virginia Finzi Ghisi, Natalia Ginzburg, Gianna Manzini, Dacia Maraini, Paola Masino, Elsa Morante, Lalla Romano, Renata Viganò. 
650 7 |a Scrittrici italiane  |x Antologie  |2 scbi 
700 1 |a Spinella, Mario,  |d  (1918-1994)  |0 IT\ICCU\CFIV\050893  |4 aui 
942 |2 ddc  |c BK  |n 0 
952 |0 0  |1 0  |4 0  |6 DOC_850_809000000000000_FIR  |7 0  |9 25387  |a BO  |b BO  |d 2026-01-15  |i 3153  |l 0  |o DOC 850.809 FIR  |p BO3153  |r 2026-01-15 23:24:09  |w 2026-01-15  |x [Sebina 5] [1 v.]  |y BK  |z 1 v. 
999 |c 21561  |d 21561